Statistics for Countries Closest to Algeria

Click here to take the quiz!

General Stats

  • This quiz has been taken 4,830 times
  • The average score is 16 of 20

Answer Stats

kmcountrymiles% Correct
0Morocco0
99%
0Tunisia0
98%
0Libya0
97%
68Spain43
96%
0Mali0
95%
0Niger0
94%
214Italy133
93%
312Chad194
92%
0Mauritania0
92%
521Portugal324
90%
494France307
89%
601Nigeria374
85%
500Malta311
84%
613Burkina Faso381
73%
642Vatican City399
70%
838San Marino521
67%
739Monaco459
65%
637Andorra396
62%
733Benin456
47%
0Western Sahara0
41%

Score Distribution

Percentile by Number Answered

Percent of People with Each Score

Your Score History

You have not taken this quiz